[Event "Reykjavik Open 2015"]
[Site "Reykjavik ISL"]
[Date "2015.03.15"]
[Round "7.85"]
[White "Benet Morant, Damia"]
[Black "Andersen, Dag"]
[Result "1-0"]
[WhiteElo "2044"]
[BlackElo "1843"]
[WhiteFideId "2291959"]
[BlackFideId "1504568"]
[EventDate "2015.03.10"]

1. d4 d5 2. c4 e6 3. Nf3 c6 4. e3 f5 5. Bd3 Nf6 6. O-O Bd6 7. b3 O-O 8. Ba3 Ne4
9. Ne5 Bxa3 10. Nxa3 Nd7 11. Nxd7 Bxd7 12. f3 Nf6 13. Qc2 g6 14. Rad1 Rf7 15.
Kh1 Qf8 16. Nb1 Rc8 17. Qf2 Qh6 18. Rde1 Rcf8 19. Nc3 Ne8 20. Qg1 Qg7 21. e4
dxe4 22. fxe4 c5 23. e5 cxd4 24. Qxd4 a6 25. b4 Bc6 26. b5 axb5 27. cxb5 Rd7 28.
Qe3 Bd5 29. Nxd5 exd5 30. b6 Qe7 31. Rc1 Nf6 32. Bb5 Ng4 33. Qh3 Nxe5 34. Bxd7
Nxd7 35. Rc7 Qe2 36. Qf3 Qb5 37. Re1 Nxb6 38. h3 Re8 39. Rxe8+ Qxe8 40. Qc3 Qf8
41. Rxb7 Nc4 42. Qd4 1-0

[Event "Reykjavik Open 2015"]
[Site "Reykjavik ISL"]
[Date "2015.03.15"]
[Round "7.86"]
[White "Birkisson, Bjorn Holm"]
[Black "Martinez Lopez, Jaime"]
[Result "0-1"]
[WhiteElo "1845"]
[BlackElo "2044"]
[WhiteFideId "2310600"]
[BlackFideId "2211254"]
[EventDate "2015.03.10"]

1. e4 d6 2. d4 Nf6 3. Nc3 e5 4. dxe5 dxe5 5. Qxd8+ Kxd8 6. Bg5 Be6 7. O-O-O+ Nd7
8. Nf3 Bd6 9. Bd3 a6 10. Nd2 Ke8 11. Bc4 h6 12. Bxe6 fxe6 13. Be3 b5 14. f3 Ke7
15. Rhe1 Nb8 16. Bg1 Nc6 17. Nb3 Nd7 18. Re2 Rhb8 19. Nd2 a5 20. Ndb1 a4 21. b3
Na5 22. Kd2 c5 23. Ke1 Nc6 24. Red2 Nd4 25. Ne2 b4 26. f4 Nxe2 27. Rxd6 Nd4 28.
Bxd4 exd4 29. e5 Rf8 30. g3 g5 31. c3 bxc3 32. Nxc3 axb3 33. axb3 gxf4 34. Na4
fxg3 35. hxg3 Nxe5 36. Rb6 Rac8 37. Ke2 d3+ 38. Ke3 c4 39. Ke4 Ng4 40. Kd4 Rfd8+
41. Kc3 cxb3+ 42. Kxb3 d2 43. Nb2 Rc1 44. Rb7+ Kf6 45. Rb4 Ne3 46. Rf4+ Ke7 47.
Rxd2 Rxd2 48. Re4 Rb1 49. Rxe3 Rbxb2+ 50. Ka3 Rb8 51. Re4 Rd3+ 52. Ka2 Rxg3 53.
Ra4 h5 54. Ra5 h4 55. Rh5 h3 56. Rh4 Rg2+ 57. Ka3 h2 58. Rh5 Rb1 59. Rh4 h1=Q
60. Rxh1 Rxh1 61. Kb3 Rc1 62. Ka3 Rb1 63. Ka4 Ra2# 0-1

[Event "Reykjavik Open 2015"]
[Site "Reykjavik ISL"]
[Date "2015.03.15"]
[Round "7.87"]
[White "Jonsson, Pall G"]
[Black "Gschwendtner, Stanislav"]
[Result "0-1"]
[WhiteElo "1833"]
[BlackElo "2009"]
[WhiteFideId "2303205"]
[BlackFideId "307297"]
[EventDate "2015.03.10"]

1. b4 e5 2. Bb2 Bxb4 3. Bxe5 Nf6 4. e3 d5 5. Nf3 O-O 6. c4 c5 7. cxd5 Nxd5 8.
Be2 Nc6 9. Bb2 Re8 10. O-O Bg4 11. Qc2 Nf4 12. Bd1 Nd3 13. Nc3 Qd7 14. Na4 b5
15. Nc3 Bf5 16. Nh4 Be6 17. a3 Ba5 18. f4 Bc4 19. Rf3 Ne1 20. Qc1 Nxf3+ 21. Bxf3
g5 22. Nxb5 Bxd2 23. Qxc4 Bxe3+ 24. Kh1 gxh4 25. Rd1 Nd4 26. Bxa8 Rxa8 27. Qxc5
Qxb5 28. Qc3 Re8 29. Bc1 h3 30. Qe1 hxg2+ 31. Kxg2 Qd5+ 32. Kh3 Qh5+ 33. Qh4
Qxd1 34. Qg5+ Kf8 35. Qc5+ Re7 36. Qc8+ Kg7 37. Qg4+ Qxg4+ 0-1

[Event "Reykjavik Open 2015"]
[Site "Reykjavik ISL"]
[Date "2015.03.15"]
[Round "7.88"]
[White "Edvardsen, Ragnar"]
[Black "Edvardsen, Oystein"]
[Result "1/2-1/2"]
[WhiteElo "2001"]
[BlackElo "1662"]
[WhiteFideId "1502719"]
[BlackFideId "1508776"]
[EventDate "2015.03.10"]

1. e4 c5 2. Nf3 Nc6 3. d4 cxd4 4. Nxd4 g6 5. c4 Bg7 6. Be3 d6 7. Be2 h5 8. O-O
Nf6 9. Nc3 Ng4 10. Nxc6 bxc6 11. Qd2 Nxe3 12. Qxe3 Qb6 13. Qd2 Bg4 14. Rab1 Qd4
15. Qxd4 Bxd4 16. h3 Bxe2 17. Nxe2 e5 18. Rfd1 c5 19. Kf1 f5 20. exf5 gxf5 21.
Ng3 f4 22. Ne4 Ke7 23. Ke2 Rab8 24. b3 Rhg8 25. Kf3 Ke6 26. h4 Rb6 27. Ng5+ Kf5
28. Ne4 Ra6 29. Rd2 Rb6 30. Rdd1 a5 31. Rbc1 1/2-1/2

[Event "Reykjavik Open 2015"]
[Site "Reykjavik ISL"]
[Date "2015.03.15"]
[Round "7.89"]
[White "Valtysson, Thor"]
[Black "Klofsrud, August"]
[Result "1-0"]
[WhiteElo "1974"]
[BlackElo "1571"]
[WhiteFideId "2301903"]
[BlackFideId "1518232"]
[EventDate "2015.03.10"]

1. d4 Nf6 2. Nf3 d5 3. Bf4 c5 4. e3 Bf5 5. Bd3 Bxd3 6. Qxd3 c4 7. Qe2 Qb6 8. c3
e6 9. O-O Be7 10. h3 Nbd7 11. Qc2 O-O 12. Nbd2 a5 13. Rab1 Rfc8 14. Rfe1 Bf8 15.
Bh2 Qc6 16. a4 Ne8 17. e4 Bd6 18. Bxd6 Nxd6 19. e5 Ne8 20. Ng5 g6 21. Nf1 b5 22.
axb5 Qxb5 23. Re3 Ng7 24. g4 a4 25. Ng3 Qb3 26. Qc1 Rab8 27. Re1 Rb7 28. Qf4 Rf8
29. Nf3 f5 30. exf6 Rxf6 31. Qe3 Nb8 32. Ne5 Nd7 33. Nc6 Qb6 34. Nb4 Nb8 35. Ra1
Qb5 36. Qe5 Rbf7 37. Ne4 Rf4 38. Nd6 Qb6 39. Nxf7 Rxf7 40. Rxa4 Nd7 41. Ra8+ Rf8
42. Rxf8+ Kxf8 43. Qf4+ Kg8 44. Ra1 Qb7 45. Qd6 Nf8 46. Qd8 Qf7 47. Nc6 h6 48.
Ne5 Qe8 49. Ra8 Qxd8 50. Rxd8 1-0

[Event "Reykjavik Open 2015"]
[Site "Reykjavik ISL"]
[Date "2015.03.15"]
[Round "7.90"]
[White "Machado, Eduardo Ribeiro"]
[Black "Stam, Bart"]
[Result "1-0"]
[WhiteElo "1818"]
[BlackElo "1972"]
[WhiteFideId "2140608"]
[BlackFideId "1006240"]
[EventDate "2015.03.10"]

1. d4 Nf6 2. c4 e6 3. Nf3 Bb4+ 4. Bd2 a5 5. g3 O-O 6. Bg2 d5 7. O-O Nc6 8. Qc2
Bxd2 9. Nbxd2 Bd7 10. Rac1 Qe7 11. Nb3 b6 12. cxd5 exd5 13. e3 Rfc8 14. Rfd1 Nb4
15. Qb1 Ba4 16. Ne5 c5 17. Rc3 Ra7 18. Rdc1 Rac7 19. Nd2 Bb5 20. a3 Na6 21. Rb3
Qe8 22. a4 Bxa4 23. Rxb6 Nb4 24. Bh3 cxd4 25. Bxc8 Qxc8 26. Rxc7 Qxc7 27. Rxf6
gxf6 28. Nef3 dxe3 29. fxe3 Qe7 30. Kf2 Nc2 31. Nf1 Qb4 32. N1d2 d4 33. exd4
Nxd4 34. Qe4 Ne6 35. Qxb4 axb4 36. Ke3 Kf8 37. Nd4 Nc5 38. Ne4 Nxe4 39. Kxe4 Ke7
40. Kd5 b3 41. Kc4 Kd6 42. Nxb3 Ke5 43. Nc5 Bc6 44. Kd3 f5 45. Ke3 h6 46. Nb3 h5
47. Nd4 Be4 48. h4 f6 49. Ne2 Bc6 50. Nf4 Be8 51. b4 Kd6 52. Kd4 Bf7 53. b5 Be8
54. Kc4 Bf7+ 55. Kb4 Kc7 56. Kc5 Be8 57. Nd5+ Kb7 58. Nxf6 Bf7 59. Nd5 Be6 60.
Kd6 Bf7 61. Ke5 Bg8 62. Nf4 Bf7 63. Kxf5 Kb6 64. Kg5 Kxb5 65. Nxh5 Kc5 66. Nf4
Kd6 67. Kf6 Bb3 68. h5 Bc2 69. h6 1-0

[Event "Reykjavik Open 2015"]
[Site "Reykjavik ISL"]
[Date "2015.03.15"]
[Round "7.92"]
[White "Hansen, Tommy"]
[Black "Korning, Peter"]
[Result "1-0"]
[WhiteElo "1807"]
[BlackElo "1944"]
[WhiteFideId "1511009"]
[BlackFideId "1723332"]
[EventDate "2015.03.10"]

1. e4 e5 2. Nf3 Nc6 3. d4 exd4 4. Bc4 Nf6 5. e5 d5 6. Bb5 Ne4 7. Nxd4 Bd7 8.
Bxc6 bxc6 9. O-O Bc5 10. f3 Ng5 11. f4 Ne4 12. Be3 Bb6 13. Nd2 Nxd2 14. Qxd2 c5
15. Nf3 c6 16. c3 O-O 17. Qc2 f5 18. Rae1 Re8 19. Kh1 Be6 20. b3 h6 21. Qf2 Qe7
22. Nh4 Rad8 23. Nf3 Rd7 24. Rd1 Red8 25. Rd2 Kh7 26. Rfd1 Bf7 27. Nh4 Be6 28.
Nf3 Rb7 29. Qe2 a5 30. Bf2 a4 31. Bh4 Qd7 32. Bxd8 Bxd8 33. Rb2 a3 34. Rbb1 Ba5
35. Qe3 Qe7 36. Qc1 Ra7 37. b4 cxb4 38. cxb4 Bxb4 39. Nd4 c5 40. Nc6 Qd7 41.
Nxb4 cxb4 42. Rxb4 d4 43. Rbxd4 Qf7 44. R4d3 Qe7 45. R1d2 Qb4 46. Rd4 Qa5 47. h3
g5 48. Rd6 Rc7 49. Qd1 Re7 50. fxg5 Kg6 51. gxh6 Qc3 52. h7 Qxe5 53. Re2 1-0

[Event "Reykjavik Open 2015"]
[Site "Reykjavik ISL"]
[Date "2015.03.15"]
[Round "7.94"]
[White "Magnusdottir, Veronika Steinunn"]
[Black "Andersen, Niels Erik"]
[Result "0-1"]
[WhiteElo "1571"]
[BlackElo "1900"]
[WhiteFideId "2309114"]
[BlackFideId "1406507"]
[EventDate "2015.03.10"]

1. e4 c5 2. Nf3 d6 3. d4 cxd4 4. Nxd4 Nf6 5. Nc3 a6 6. g3 e5 7. Nb3 Nbd7 8. Bg2
b5 9. a4 b4 10. Nd5 Nxd5 11. exd5 Be7 12. a5 Qc7 13. O-O O-O 14. Re1 Nf6 15. f4
Ng4 16. Qd3 Qa7+ 17. Be3 Nxe3 18. Qxe3 exf4 19. Qxa7 Rxa7 20. gxf4 Bf6 21. Rab1
Rc7 22. Be4 g6 23. Nd2 Bd4+ 24. Kh1 f5 25. Bd3 Bb7 26. h3 Bxd5+ 27. Kh2 Kf7 28.
b3 Bc3 29. Re2 Rc6 30. Nc4 Re8 31. Rxe8 Kxe8 32. Nb6 Be4 33. Bxa6 Rc5 34. Nc4
Bxc2 35. Nxd6+ Kf8 36. Nb7 Rd5 37. Rc1 Rd2+ 38. Kg3 Be4 39. Nc5 Rg2+ 0-1

[Event "Reykjavik Open 2015"]
[Site "Reykjavik ISL"]
[Date "2015.03.15"]
[Round "7.95"]
[White "Sibiya, Ruddy T"]
[Black "Jonsson, Olafur Gisli"]
[Result "1/2-1/2"]
[WhiteElo "1784"]
[BlackElo "1899"]
[WhiteFideId "14308711"]
[BlackFideId "2302705"]
[EventDate "2015.03.10"]

1. c4 e5 2. Nc3 Nf6 3. e4 Bc5 4. h3 a6 5. g3 d6 6. Bg2 Nc6 7. d3 Be6 8. Nge2 O-O
9. O-O Nd4 10. Bg5 c6 11. Rb1 h6 12. Be3 b5 13. f4 bxc4 14. f5 cxd3 15. Qxd3
Nxe2+ 16. Qxe2 Bc4 17. Qxc4 Bxe3+ 18. Kh2 Qb6 19. Rfd1 Rad8 20. b4 Rfe8 21. a4
h5 22. a5 Qa7 23. Bf1 Bg1+ 24. Kh1 h4 25. Bg2 Be3 26. g4 Bf4 27. Ne2 d5 28. exd5
cxd5 29. Qc5 Be3 30. Qxa7 Bxa7 31. b5 axb5 32. g5 Ne4 33. Bxe4 dxe4 34. Rxd8
Rxd8 35. Rxb5 Rd1+ 36. Kg2 Bd4 37. g6 fxg6 38. fxg6 Kf8 39. Nxd4 exd4 40. Rf5+
Ke8 41. Re5+ Kd7 42. Rxe4 d3 43. a6 Ra1 44. Rd4+ Ke7 45. Rxd3 Rxa6 46. Rd4 Rxg6+
47. Kh2 Rh6 48. Ra4 Rh8 49. Kg2 Kf6 50. Kf3 g6 51. Kg4 Rh5 52. Ra6+ Kg7 53. Ra7+
Kh6 54. Ra8 1/2-1/2

[Event "Reykjavik Open 2015"]
[Site "Reykjavik ISL"]
[Date "2015.03.15"]
[Round "7.96"]
[White "De Winter, Eric"]
[Black "Runarsson, Gunnar"]
[Result "1-0"]
[WhiteElo "1776"]
[BlackElo "2049"]
[WhiteFideId "1033069"]
[BlackFideId "2301768"]
[EventDate "2015.03.10"]

1. c4 Nf6 2. Nc3 g6 3. g3 Bg7 4. Bg2 d6 5. d4 O-O 6. Nf3 Nbd7 7. e4 a6 8. O-O
Rb8 9. Qe2 e5 10. h3 exd4 11. Nxd4 Re8 12. Nb3 Nb6 13. Be3 Nbd7 14. Kh2 b6 15.
Qc2 Bb7 16. Nd5 Nxd5 17. cxd5 Nc5 18. Nd2 a5 19. Rfe1 h5 20. h4 Ba6 21. Bf1 Bxf1
22. Rxf1 a4 23. Rac1 Qd7 24. b4 axb3 25. axb3 Qb5 26. Qc4 Qd7 27. b4 b5 28. Qc2
Na6 29. Rb1 Rbc8 30. Rfc1 Nb8 31. Qd3 Qg4 32. f3 Qd7 33. Ba7 f5 34. Bxb8 Rxb8
35. exf5 Qxf5 36. Qxf5 Re2+ 37. Kh3 gxf5 38. Nf1 Rb7 39. Re1 Rxe1 40. Rxe1 Bc3
41. Rb1 Kf7 42. g4 Kf6 43. Rb3 Bd4 44. g5+ Ke5 45. Ng3 Kxd5 46. Nxf5 Be5 47. g6
Ke6 48. Ng3 c5 49. Nxh5 c4 50. Rb1 d5 51. f4 Kf5 52. fxe5 Kxg6 53. Nf4+ Kf5 54.
Nxd5 Kxe5 55. Nc3 Kd4 56. Na2 Ra7 57. Rd1+ Ke5 58. Rd2 Kf4 59. Rf2+ Ke3 60. Rg2
Kd4 61. h5 Ra3+ 62. Kh4 c3 63. h6 Ra8 64. Kh5 Ke5 65. Nxc3 Kf5 66. Rf2+ Ke6 67.
Nxb5 Rg8 68. h7 Rg1 69. Rh2 Kf5 70. Nd4+ 1-0

[Event "Reykjavik Open 2015"]
[Site "Reykjavik ISL"]
[Date "2015.03.15"]
[Round "7.97"]
[White "Lee, Gudmundur Kristinn"]
[Black "Vigdal, Per Kr"]
[Result "0-1"]
[WhiteElo "1676"]
[BlackElo "1985"]
[WhiteFideId "2303361"]
[BlackFideId "1504681"]
[EventDate "2015.03.10"]

1. d4 Nf6 2. c4 e6 3. Nc3 d5 4. Bg5 Nbd7 5. e3 c6 6. Nf3 Qa5 7. Bd3 Bb4 8. O-O
Bxc3 9. bxc3 Qxc3 10. c5 O-O 11. Rc1 Qa5 12. Qc2 h6 13. Bf4 Re8 14. h3 Nf8 15.
Ne5 N6d7 16. Ng4 f5 17. Ne5 Nxe5 18. Bxe5 Qd8 19. f3 Ng6 20. Bd6 Qg5 21. f4 Qh4
22. Kh2 Nf8 23. Be2 Qf6 24. Rf3 g6 25. Rg3 Kh7 26. Be5 Qf7 27. h4 Nd7 28. Bd6
Nf6 29. Bf3 Rg8 30. Qe2 Bd7 31. Rh1 h5 32. Rg5 b6 33. Kg1 Ng4 34. Bxg4 fxg4 35.
Qd3 Kh6 36. Kh2 b5 37. Rb1 a5 38. a3 Bc8 39. Be5 Ra7 40. Bd6 Rb7 41. Qc3 Ra7 42.
Qc2 Bd7 43. Rb3 Rga8 44. Qb1 Rb7 45. Rb2 e5 46. Bxe5 Bf5 47. Qe1 Qe6 48. Qd2 Kh7
49. Rb3 Kg8 50. Qb2 Kf7 51. Qd2 Ke8 52. Qb2 Kd7 53. Qd2 Qe8 54. Qb2 Ke6 55. Qd2
Qc8 56. Qb2 Rba7 57. Qd2 Qa6 58. Qe2 Rb7 59. Qe1 b4 60. axb4 a4 61. Ra3 Qc4 62.
Qf2 Qxb4 63. Ra1 Qc3 64. Rxg6+ Bxg6 65. f5+ Bxf5 66. Qf4 Rg8 67. Bd6 g3+ 0-1

[Event "Reykjavik Open 2015"]
[Site "Reykjavik ISL"]
[Date "2015.03.15"]
[Round "7.98"]
[White "Klausen, Kris"]
[Black "Steingrimsson, Karl Egill"]
[Result "1-0"]
[WhiteElo "1937"]
[BlackElo "1720"]
[WhiteFideId "1445570"]
[BlackFideId "2304791"]
[EventDate "2015.03.10"]

1. d4 Nf6 2. c4 e6 3. g3 Be7 4. Bg2 d5 5. Nc3 O-O 6. Nf3 Nbd7 7. Bf4 c6 8. O-O
Re8 9. Qc2 Nf8 10. e4 Ng6 11. Be3 dxe4 12. Nxe4 Nxe4 13. Qxe4 h6 14. h4 f5 15.
Qc2 Bf6 16. Rad1 Qa5 17. h5 Ne7 18. Rfe1 b5 19. b3 Bd7 20. Bf4 Kf7 21. Be5 Rad8
22. cxb5 Qxb5 23. Bf1 Qb7 24. Nd2 Nc8 25. Bc4 Nb6 26. Qxf5 Ke7 27. Bxf6+ gxf6
28. Rxe6+ 1-0

[Event "Reykjavik Open 2015"]
[Site "Reykjavik ISL"]
[Date "2015.03.15"]
[Round "7.99"]
[White "Kenney, David"]
[Black "Holm, Fridgeir K"]
[Result "0-1"]
[WhiteElo "1885"]
[BlackElo "1700"]
[WhiteFideId "2617064"]
[BlackFideId "2307324"]
[EventDate "2015.03.10"]

1. d4 Nf6 2. Nf3 b6 3. e3 e6 4. Bd3 Bb7 5. O-O d5 6. Nbd2 Bd6 7. c3 Nbd7 8. Qe2
Ne4 9. Re1 g5 10. Ne5 Nxe5 11. dxe5 Bxe5 12. f3 Nd6 13. e4 d4 14. c4 h5 15. Nf1
a5 16. Rb1 c5 17. b3 Nc8 18. a3 f6 19. b4 axb4 20. axb4 Bd6 21. bxc5 Bxc5 22. e5
f5 23. Nd2 g4 24. f4 h4 25. Nb3 Ba6 26. Nxc5 bxc5 27. Qc2 Qd7 28. Bd2 h3 29. g3
Qc6 30. Bc1 Nb6 31. Re2 Bb7 0-1

[Event "Reykjavik Open 2015"]
[Site "Reykjavik ISL"]
[Date "2015.03.15"]
[Round "7.100"]
[White "Van Zyl-Rudd, Jack"]
[Black "Ingason, Sigurdur"]
[Result "1/2-1/2"]
[WhiteElo "1648"]
[BlackElo "1880"]
[WhiteFideId "14309017"]
[BlackFideId "2301709"]
[EventDate "2015.03.10"]

1. d4 f5 2. e4 fxe4 3. Nc3 Nf6 4. Bg5 c6 5. f3 Qa5 6. Qd2 e5 7. Bxf6 gxf6 8.
dxe5 Qxe5 9. fxe4 d5 10. O-O-O Bg4 11. Be2 h5 12. Kb1 Bh6 13. Qd3 d4 14. Qxd4
Qxd4 15. Rxd4 Nd7 16. h3 Bxe2 17. Ngxe2 Rg8 18. g3 O-O-O 19. Rhd1 Be3 20. R4d3
Bf2 21. Rf3 Bb6 22. Rfd3 Bf2 23. Rf3 Bb6 24. Rfd3 Bf2 1/2-1/2

[Event "Reykjavik Open 2015"]
[Site "Reykjavik ISL"]
[Date "2015.03.15"]
[Round "7.101"]
[White "Milvang, Otto"]
[Black "Bogut, Maksymilian"]
[Result "1-0"]
[WhiteElo "1872"]
[BlackElo "1697"]
[WhiteFideId "1511360"]
[BlackFideId "1185810"]
[EventDate "2015.03.10"]

1. e4 e5 2. Nf3 Nc6 3. Bb5 a6 4. Ba4 Nf6 5. O-O Be7 6. Re1 d6 7. c3 O-O 8. h3
Be6 9. d4 exd4 10. cxd4 d5 11. e5 Ne4 12. Nbd2 f5 13. exf6 Bxf6 14. Nxe4 dxe4
15. Rxe4 Bd5 16. Bb3 Kh8 17. Bxd5 Qxd5 18. Re3 Nxd4 19. Rd3 Nxf3+ 20. Qxf3 Qxf3
21. Rxf3 Bd4 22. Rf4 c5 23. Bd2 Rad8 24. Rxf8+ Rxf8 25. Be3 Bxb2 26. Rb1 Bd4 27.
Bxd4 cxd4 28. Rxb7 Kg8 29. Rd7 Rf4 30. g3 Re4 31. Kg2 Re2 32. a4 Rd2 33. Kf3 d3
34. Rd6 a5 35. Rd5 Ra2 36. Rxa5 d2 37. Rd5 Ra3+ 38. Ke2 Rxa4 39. Rxd2 Kf7 40. f4
Ke6 41. Rd3 h6 42. Kf3 h5 43. Re3+ Kf6 44. Rb3 Rc4 45. g4 hxg4+ 46. hxg4 Ke6 47.
Ke3 Ra4 48. Rb6+ Kd5 49. Rb3 Ke6 50. Kf3 Kd5 51. Re3 Ra1 52. f5 Kd4 53. Re7 Rf1+
54. Kg3 Rg1+ 55. Kf4 Rf1+ 56. Kg5 Kd5 57. Rxg7 Ke5 58. Rg6 Rh1 59. Re6+ Kd5 60.
Re2 Rf1 61. Kg6 Rg1 62. g5 Kd6 63. f6 Rf1 64. f7 Kd7 65. Kg7 1-0

[Event "Reykjavik Open 2015"]
[Site "Reykjavik ISL"]
[Date "2015.03.15"]
[Round "7.102"]
[White "Gasanova, Ulker"]
[Black "Meier, Gerd"]
[Result "0-1"]
[WhiteElo "1645"]
[BlackElo "1868"]
[WhiteFideId "2302055"]
[BlackFideId "4682971"]
[EventDate "2015.03.10"]

1. e4 e6 2. d4 b6 3. Nf3 Bb7 4. Nc3 Bb4 5. Bd2 Nf6 6. e5 Bxc3 7. bxc3 Ne4 8. Be2
O-O 9. O-O f5 10. Bd3 Nxd2 11. Nxd2 Nc6 12. Qh5 Qe8 13. Qh4 Qg6 14. h3 Nxe5 15.
Qg3 Qxg3 16. fxg3 Nxd3 17. cxd3 Rae8 18. Rae1 d6 19. Nf3 Bxf3 20. Rxf3 Re7 21.
Kf2 Rfe8 22. a3 g6 23. Rfe3 Kf7 24. Kf3 Kf6 25. g4 c6 26. c4 e5 27. dxe5+ Rxe5
28. Rxe5 Rxe5 29. Rxe5 Kxe5 30. gxf5 Kxf5 31. Ke3 a6 32. g4+ Kg5 33. Kf3 h6 34.
Kg3 Kf6 35. Kf4 Ke6 36. h4 d5 37. cxd5+ cxd5 38. Ke3 Ke5 39. d4+ Kd6 40. Kd3 h5
41. gxh5 gxh5 42. Ke3 Ke6 43. Kf4 Kf6 44. Kg3 Kf5 45. Kf3 b5 0-1

[Event "Reykjavik Open 2015"]
[Site "Reykjavik ISL"]
[Date "2015.03.15"]
[Round "7.103"]
[White "Davidsdottir, Nansy"]
[Black "Johansen, Lars"]
[Result "1-0"]
[WhiteElo "1641"]
[BlackElo "1855"]
[WhiteFideId "2309491"]
[BlackFideId "1506455"]
[EventDate "2015.03.10"]

1. e4 d6 2. d4 g6 3. Nf3 Nf6 4. Bd3 Bg7 5. c3 O-O 6. h3 b6 7. Be3 Bb7 8. Nbd2
Nbd7 9. b4 c5 10. Rc1 Rc8 11. bxc5 bxc5 12. d5 c4 13. Be2 Nc5 14. Qc2 e6 15.
Bxc5 Rxc5 16. dxe6 fxe6 17. Nd4 Qc8 18. Rb1 Ba8 19. O-O Bh6 20. f3 Be3+ 21. Kh2
d5 22. exd5 Bxd5 23. Ne4 Nh5 24. g3 Qc7 25. f4 Nxf4 26. Nxc5 Nh5 27. Rxf8+ Kxf8
28. Ncxe6+ 1-0

[Event "Reykjavik Open 2015"]
[Site "Reykjavik ISL"]
[Date "2015.03.15"]
[Round "7.104"]
[White "Marshall, Michael"]
[Black "Palmeri, Ralph P"]
[Result "1-0"]
[WhiteElo "1844"]
[BlackElo "1642"]
[WhiteFideId "1409956"]
[BlackFideId "2057417"]
[EventDate "2015.03.10"]

1. c4 c5 2. g3 Nf6 3. Bg2 Nc6 4. Nc3 e6 5. Nf3 Be7 6. O-O a6 7. d3 h6 8. e3 Qc7
9. b3 d6 10. Bb2 Bd7 11. Rc1 Rd8 12. Qe2 O-O 13. Rfd1 Ne5 14. d4 Nxf3+ 15. Bxf3
Rfe8 16. Bg2 e5 17. d5 Bg4 18. f3 Bh5 19. e4 Qd7 20. Qf1 Rf8 21. Bh3 Qe8 22. Qf2
Nh7 23. Rf1 Ng5 24. Bg2 Bxf3 25. Kh1 Bxg2+ 26. Qxg2 Qd7 27. Rce1 f5 28. Bc1 fxe4
29. Bxg5 Rxf1+ 30. Rxf1 Bxg5 31. Nxe4 Be3 32. Qf3 Bd4 33. Kg2 b5 34. Qh5 Rf8 35.
Rxf8+ Kxf8 36. Qg6 bxc4 37. bxc4 Qe7 38. Qxd6 Qxd6 39. Nxd6 g6 40. g4 Ke7 41.
Ne4 Kd8 42. h4 Kc7 43. Kf3 Kb6 44. h5 g5 45. Nxg5 e4+ 46. Nxe4 a5 47. Kf4 a4 48.
Kf5 Kc7 49. Ke6 Be3 50. Ke7 1-0

[Event "Reykjavik Open 2015"]
[Site "Reykjavik ISL"]
[Date "2015.03.15"]
[Round "7.105"]
[White "Arroyo Figuero, Fernando"]
[Black "Ugland, Torge"]
[Result "1-0"]
[WhiteElo "1835"]
[BlackElo "1636"]
[WhiteFideId "22218769"]
[BlackFideId "1508873"]
[EventDate "2015.03.10"]

1. e4 e5 2. Nf3 Nc6 3. Nc3 Nf6 4. d4 exd4 5. Nxd4 Nxd4 6. Qxd4 d6 7. Bg5 Be7 8.
O-O-O h6 9. Bh4 g5 10. Bg3 Bd7 11. e5 dxe5 12. Bxe5 c5 13. Qc4 O-O 14. h4 Ng4
15. Qe2 Nxe5 16. Qxe5 Re8 17. Bb5 Bf6 18. Qg3 Be5 19. Qf3 g4 20. Qxb7 Bxc3 21.
bxc3 Qa5 22. Qxd7 Qa3+ 23. Kb1 Rab8 24. Qxe8+ Rxe8 25. Bxe8 Qxc3 26. Rd3 Qb4+
27. Rb3 Qe4 28. Bd7 c4 29. f3 Qd5 30. Rb8+ Kg7 31. Bxg4 c3 32. Rb3 Qc5 33. Bd7
Kf6 34. Rd1 a6 35. g4 Ke5 36. a3 Kf4 37. Rd3 1-0

[Event "Reykjavik Open 2015"]
[Site "Reykjavik ISL"]
[Date "2015.03.15"]
[Round "7.106"]
[White "Haraldsson, Sigurjon"]
[Black "Thoroddsen, Arni"]
[Result "1-0"]
[WhiteElo "1833"]
[BlackElo "1611"]
[WhiteFideId "2303655"]
[BlackFideId "2309203"]
[EventDate "2015.03.10"]

1. e4 e6 2. d4 c5 3. c3 Qa5 4. dxc5 Qxc5 5. Nf3 Nf6 6. Bd3 Ng4 7. O-O Bd6 8. Na3
Nc6 9. Qe2 Nce5 10. Nxe5 Qxe5 11. f4 Bc5+ 12. Kh1 Qh5 13. h3 Nf6 14. Qxh5 Nxh5
15. Kh2 g5 16. e5 gxf4 17. Nb5 Ke7 18. b4 Bb6 19. Bxf4 f6 20. exf6+ Nxf6 21. Be5
Rg8 22. Bxf6+ Kf7 23. Bxh7 d5 24. Be5+ 1-0

[Event "Reykjavik Open 2015"]
[Site "Reykjavik ISL"]
[Date "2015.03.15"]
[Round "7.107"]
[White "Borg, Flemming"]
[Black "Nordquelle, Pal"]
[Result "1-0"]
[WhiteElo "1828"]
[BlackElo "1599"]
[WhiteFideId "1505823"]
[BlackFideId "1519050"]
[EventDate "2015.03.10"]

1. f4 d5 2. Nf3 Nf6 3. g3 e6 4. Bg2 Bc5 5. e3 d4 6. exd4 Bxd4 7. Nxd4 Qxd4 8. c3
Qd3 9. Na3 Nbd7 10. Nc2 a5 11. Ne3 O-O 12. Qf3 Nc5 13. Qe2 Rd8 14. Nc4 Ra6 15.
Ne5 Qxe2+ 16. Kxe2 Rad6 17. d4 Na4 18. Nc4 R6d7 19. Nxa5 b6 20. Bc6 Nxc3+ 21.
bxc3 Ba6+ 22. Kd1 bxa5 23. Bxd7 Rxd7 24. Rb1 g6 25. Ba3 Ne4 26. Kc2 Nf2 27. Rb8+
Kg7 28. Re1 Bd3+ 29. Kd2 Bc4 30. Bf8+ Kf6 31. a3 Bd5 32. Re2 Ne4+ 33. Kd3 Kf5
34. Rb5 e5 35. Rxd5 Rxd5 36. Rxe4 exd4 37. cxd4 Rd8 38. Be7 Rb8 39. Re2 Kg4 40.
Ke4 c6 41. Ke5 Rb5+ 42. Bc5 Kf3 43. Rc2 h5 44. Kd6 h4 45. Rc3+ Kg4 46. Kxc6 Rb1
47. d5 g5 48. fxg5 Kxg5 49. Rd3 h3 50. d6 Rb2 51. Be3+ Kg4 52. Bd2 Rb1 53. d7
Rh1 54. d8=Q 1-0

[Event "Reykjavik Open 2015"]
[Site "Reykjavik ISL"]
[Date "2015.03.15"]
[Round "7.108"]
[White "Stuhr, Finn"]
[Black "Einarsson, Oskar Long"]
[Result "0-1"]
[WhiteElo "1823"]
[BlackElo "1574"]
[WhiteFideId "1400789"]
[BlackFideId "2309220"]
[EventDate "2015.03.10"]

1. e4 c5 2. Nc3 Nc6 3. f4 g6 4. Nf3 Bg7 5. e5 d6 6. Bb5 Bd7 7. Qe2 dxe5 8. Bxc6
Bxc6 9. fxe5 e6 10. Ne4 Bxe4 11. Qxe4 Qc7 12. O-O Ne7 13. d3 O-O 14. Bg5 Nc6 15.
Bf6 Nb4 16. c4 Qd7 17. Rfd1 Nc2 18. Rac1 Nb4 19. a3 Nc6 20. Re1 Nd4 21. g4 b6
22. Re3 Nxf3+ 23. Rxf3 Bxf6 24. exf6 Rfd8 25. Re3 Qd4 26. Qxd4 Rxd4 27. g5 Rad8
28. Rd1 Rxc4 29. h3 Rcd4 30. Kf2 R8d5 31. Rg3 h6 32. gxh6 Kh7 0-1

[Event "Reykjavik Open 2015"]
[Site "Reykjavik ISL"]
[Date "2015.03.15"]
[Round "7.109"]
[White "Nicholson, John"]
[Black "Fjallheim, Leif Reinert"]
[Result "0-1"]
[WhiteElo "1808"]
[BlackElo "1525"]
[WhiteFideId "2501724"]
[BlackFideId "7201788"]
[EventDate "2015.03.10"]

1. e4 e5 2. Nf3 Nc6 3. Bb5 Nf6 4. d3 Bc5 5. c3 O-O 6. O-O d6 7. d4 exd4 8. cxd4
Bb6 9. Nc3 Bg4 10. Be3 Bxf3 11. gxf3 Nh5 12. Kh1 Qf6 13. Nd5 Qh4 14. Rg1 a6 15.
Bf1 Ne7 16. Bg5 Qxf2 17. Nxe7+ Kh8 18. Nf5 Qxb2 19. f4 f6 20. Rg2 Qc3 21. Qxh5
Qxa1 22. Kg1 Bxd4+ 0-1